<?xml version="1.0" encoding="UTF-8"?>
<record
    xmlns:xsi="http://www.w3.org/2001/XMLSchema-instance"
    xsi:schemaLocation="http://www.loc.gov/MARC21/slim http://www.loc.gov/standards/marcxml/schema/MARC21slim.xsd"
    xmlns="http://www.loc.gov/MARC21/slim">

  <leader>00326nam a2200145Ia 4500</leader>
  <controlfield tag="008">191201s2009    xx            000 0 und d</controlfield>
  <datafield tag="082" ind1=" " ind2=" ">
    <subfield code="a">346.065</subfield>
    <subfield code="b">KAB</subfield>
  </datafield>
  <datafield tag="100" ind1=" " ind2=" ">
    <subfield code="a">KAPOOR, N.D.</subfield>
  </datafield>
  <datafield tag="245" ind1=" " ind2="0">
    <subfield code="a">Business Law</subfield>
  </datafield>
  <datafield tag="250" ind1=" " ind2=" ">
    <subfield code="a">Rep.</subfield>
  </datafield>
  <datafield tag="260" ind1=" " ind2=" ">
    <subfield code="a">N.Delhi</subfield>
    <subfield code="b">Sultan Chand</subfield>
    <subfield code="c">2009</subfield>
  </datafield>
  <datafield tag="300" ind1=" " ind2=" ">
    <subfield code="a">misc</subfield>
  </datafield>
  <datafield tag="650" ind1=" " ind2=" ">
    <subfield code="a">BBA</subfield>
  </datafield>
  <datafield tag="942" ind1=" " ind2=" ">
    <subfield code="2">ddc</subfield>
    <subfield code="c">BK</subfield>
    <subfield code="0">6</subfield>
  </datafield>
  <datafield tag="999" ind1=" " ind2=" ">
    <subfield code="c">4847</subfield>
    <subfield code="d">4847</subfield>
  </datafield>
  <datafield tag="952" ind1=" " ind2=" ">
    <subfield code="0">0</subfield>
    <subfield code="1">0</subfield>
    <subfield code="2">ddc</subfield>
    <subfield code="4">0</subfield>
    <subfield code="7">0</subfield>
    <subfield code="8">BBA</subfield>
    <subfield code="a">PIET</subfield>
    <subfield code="b">PIET</subfield>
    <subfield code="d">2011-07-29</subfield>
    <subfield code="e">The book company</subfield>
    <subfield code="g">200.00</subfield>
    <subfield code="k">IN-858</subfield>
    <subfield code="l">4</subfield>
    <subfield code="o">346.065 KAB</subfield>
    <subfield code="p">17509</subfield>
    <subfield code="q">2026-10-05</subfield>
    <subfield code="r">2026-03-18 00:00:00</subfield>
    <subfield code="s">2026-03-18</subfield>
    <subfield code="w">2011-07-27</subfield>
    <subfield code="y">BK</subfield>
  </datafield>
  <datafield tag="952" ind1=" " ind2=" ">
    <subfield code="0">0</subfield>
    <subfield code="1">0</subfield>
    <subfield code="2">ddc</subfield>
    <subfield code="4">0</subfield>
    <subfield code="7">0</subfield>
    <subfield code="8">BBA</subfield>
    <subfield code="a">PIET</subfield>
    <subfield code="b">PIET</subfield>
    <subfield code="d">2011-07-29</subfield>
    <subfield code="e">The book company</subfield>
    <subfield code="g">200.00</subfield>
    <subfield code="k">IN-858</subfield>
    <subfield code="l">0</subfield>
    <subfield code="o">346.065 KAB</subfield>
    <subfield code="p">17510</subfield>
    <subfield code="r">2019-12-04 00:00:00</subfield>
    <subfield code="w">2011-07-27</subfield>
    <subfield code="y">BK</subfield>
  </datafield>
  <datafield tag="952" ind1=" " ind2=" ">
    <subfield code="0">0</subfield>
    <subfield code="1">0</subfield>
    <subfield code="2">ddc</subfield>
    <subfield code="4">0</subfield>
    <subfield code="7">0</subfield>
    <subfield code="8">BBA</subfield>
    <subfield code="a">PIET</subfield>
    <subfield code="b">PIET</subfield>
    <subfield code="d">2011-07-29</subfield>
    <subfield code="e">The book company</subfield>
    <subfield code="g">200.00</subfield>
    <subfield code="k">IN-858</subfield>
    <subfield code="l">4</subfield>
    <subfield code="o">346.065 KAB</subfield>
    <subfield code="p">17511</subfield>
    <subfield code="r">2024-11-26 00:00:00</subfield>
    <subfield code="s">2024-11-14</subfield>
    <subfield code="w">2011-07-27</subfield>
    <subfield code="y">BK</subfield>
    <subfield code="z">.</subfield>
  </datafield>
  <datafield tag="952" ind1=" " ind2=" ">
    <subfield code="0">0</subfield>
    <subfield code="1">0</subfield>
    <subfield code="2">ddc</subfield>
    <subfield code="4">0</subfield>
    <subfield code="7">0</subfield>
    <subfield code="8">BBA</subfield>
    <subfield code="a">PIET</subfield>
    <subfield code="b">PIET</subfield>
    <subfield code="d">2011-07-29</subfield>
    <subfield code="e">The book company</subfield>
    <subfield code="g">200.00</subfield>
    <subfield code="k">IN-858</subfield>
    <subfield code="l">4</subfield>
    <subfield code="o">346.065 KAB</subfield>
    <subfield code="p">17512</subfield>
    <subfield code="r">2025-12-29 00:00:00</subfield>
    <subfield code="s">2025-12-15</subfield>
    <subfield code="w">2011-07-27</subfield>
    <subfield code="y">BK</subfield>
  </datafield>
  <datafield tag="952" ind1=" " ind2=" ">
    <subfield code="0">0</subfield>
    <subfield code="1">0</subfield>
    <subfield code="2">ddc</subfield>
    <subfield code="4">0</subfield>
    <subfield code="7">0</subfield>
    <subfield code="8">BBA</subfield>
    <subfield code="a">PIET</subfield>
    <subfield code="b">PIET</subfield>
    <subfield code="d">2011-07-29</subfield>
    <subfield code="e">The book company</subfield>
    <subfield code="g">200.00</subfield>
    <subfield code="k">IN-858</subfield>
    <subfield code="l">3</subfield>
    <subfield code="o">346.065 KAB</subfield>
    <subfield code="p">17513</subfield>
    <subfield code="r">2025-09-29 00:00:00</subfield>
    <subfield code="s">2025-09-11</subfield>
    <subfield code="w">2011-07-27</subfield>
    <subfield code="y">BK</subfield>
  </datafield>
</record>
